000 00598nam a2200169Ia 4500
005 20250508151916.0
008 008 250505s9999 xx 000 0 eng d
037 _aBooks to be hide in OPAC
040 _aFEDL
_beng
_cFEDL
041 _aeng
_2eng
084 _a370.58, NAT/O
_qFEDL
245 0 _aTwenty-ninth yearbook of the national society for the study of education : Report of the society's committee on arithmetic
260 _aBloomington
_bBloomington Public School Publishing Company
_c1930
300 _a743p.
942 _cHB
_h370.58, NAT/O
999 _c1332881
_d1332881